[Event "Varna op 3rd"]
[Site "Varna"]
[Date "2009.06.17"]
[Round "7"]
[White "Peev, Peicho Chonev"]
[Black "Rodina, Nataliya"]
[Result "1/2-1/2"]
[WhiteElo "2284"]
[BlackElo "1944"]
[PlyCount "31"]
[EventDate "2009.06.12"]
[EventType "swiss"]
[EventRounds "9"]
[EventCountry "BUL"]
[SourceTitle "CBM 130 Extra"]
[Source "ChessBase"]
[SourceDate "2009.07.02"]
[SourceVersion "2"]
[SourceVersionDate "2009.07.15"]
[SourceQuality "1"]

1. e4 e5 2. Nf3 Nc6 3. Bc4 Nf6 4. Nc3 Nxe4 5. Bxf7+ Kxf7 6. Nxe4 d5 7. Ng3 e4 8. Ng1 Bc5 9. N1e2 Rf8 10. 0-0 Kg8 11. d3 exd3 12. Qxd3 Be6 13. Nh5 Bf5 14. Qc3 Qe7 15. Neg3 Bg6 16. Bg5 1/2-1/2

[Event "Varna op 3rd"]
[Site "Varna"]
[Date "2009.06.14"]
[Round "3"]
[White "Peev, Peicho Chonev"]
[Black "Sychev, Klementy"]
[Result "0-1"]
[WhiteElo "2284"]
[BlackElo "2126"]
[PlyCount "100"]
[EventDate "2009.06.12"]
[EventType "swiss"]
[EventRounds "9"]
[EventCountry "BUL"]
[SourceTitle "CBM 130 Extra"]
[Source "ChessBase"]
[SourceDate "2009.07.02"]
[SourceVersion "2"]
[SourceVersionDate "2009.07.15"]
[SourceQuality "1"]

1. e4 c5 2. Nf3 d6 3. d4 cxd4 4. Nxd4 Nf6 5. Nc3 a6 6. g3 e5 7. Nde2 Be7 8. Bg2 0-0 9. 0-0 Qc7 10. Kh1 b5 11. f4 b4 12. Nd5 Nxd5 13. exd5 Nd7 14. a3 bxa3 15. Rxa3 Rb8 16. Rd3 a5 17. b3 Ba6 18. Re3 Rfc8 19. Rc3 Qb7 20. Re3 Qb6 21. Bh3 Qb7 22. Bg2 Bf6 23. Re1 Qc7 24. Rc3 Bxe2 25. Rxc7 Bxd1 26. Rxc8+ Rxc8 27. Rxd1 Rxc2 28. Ba3 Nc5 29. b4 axb4 30. Bxb4 exf4 31. gxf4 Rc4 32. Ba3 Rxf4 33. Bxc5 dxc5 34. d6 Rd4 35. Rxd4 cxd4 36. Kg1 Kf8 37. d7 Ke7 38. Bc6 Kd6 39. Ba4 Bd8 40. Kf1 Ke5 41. Ke2 f5 42. Bc2 h5 43. Kf3 g5 44. Kg3 h4+ 45. Kf3 g4+ 46. Kg2 f4 47. h3 f3+ 48. Kf2 d3 49. Bxd3 Bb6+ 50. Kf1 g3 0-1

[Event "BUL-ch qual"]
[Site "Plovdiv"]
[Date "2007.02.25"]
[Round "2.5"]
[White "Peev, Peicho Chonev"]
[Black "Nikolov, Sasho"]
[Result "1/2-1/2"]
[WhiteElo "2285"]
[BlackElo "2380"]
[PlyCount "68"]
[EventDate "2007.02.24"]
[EventType "swiss"]
[EventRounds "9"]
[EventCountry "BUL"]
[SourceTitle "CBM 117 Extra"]
[Source "ChessBase"]
[SourceDate "2007.05.09"]
[SourceVersion "1"]
[SourceVersionDate "2007.05.09"]
[SourceQuality "1"]

1. d4 g6 2. c4 Bg7 3. Nc3 d6 4. e4 Nc6 5. Nge2 e5 6. Be3 Nh6 7. f3 f5 8. Qd2 Nf7 9. 0-0-0 0-0 10. d5 Ne7 11. Kb1 b6 12. b4 a5 13. a3 axb4 14. axb4 Kh8 15. Nc1 Ng8 16. h3 Bh6 17. Bxh6 Ngxh6 18. g4 Ng8 19. Be2 Nf6 20. Nb3 Bd7 21. Kb2 Qe7 22. Ra1 Rfb8 23. Bd3 fxe4 24. Bxe4 Kg7 25. h4 Rxa1 26. Nxa1 Ra8 27. Nc2 b5 28. Qe2 bxc4 29. Qxc4 Qd8 30. Qd3 Qb8 31. Qe3 Nxe4 32. Qxe4 Qb6 33. Qe3 Qb7 34. Rd1 Ra6 1/2-1/2

[Event "Belgrade Trophy 18th"]
[Site "Obrenovac"]
[Date "2005.??.??"]
[Round "4"]
[White "Vujacic, Borivoje"]
[Black "Peev, Peicho Chonev"]
[Result "1-0"]
[WhiteElo "2377"]
[BlackElo "2306"]
[PlyCount "87"]
[EventDate "2005.11.22"]
[EventType "swiss"]
[EventRounds "9"]
[EventCountry "YUG"]
[SourceTitle "CBM 109 Extra"]
[Source "ChessBase"]
[SourceDate "2006.01.03"]
[SourceVersion "2"]
[SourceVersionDate "2006.01.03"]
[SourceQuality "1"]

1. e4 c5 2. Nf3 Nc6 3. Bb5 g6 4. Bxc6 bxc6 5. 0-0 Bg7 6. Re1 Nf6 7. e5 Nd5 8. c4 Nc7 9. d4 cxd4 10. Qxd4 d5 11. Nc3 0-0 12. Qh4 f6 13. exf6 exf6 14. Be3 Ba6 15. cxd5 Nxd5 16. Bc5 Rf7 17. Qa4 Bb7 18. Ne4 Rd7 19. Rad1 Qc7 20. Bd4 Rf7 21. Nc5 Nb6 22. Qb3 Bc8 23. Re8+ Bf8 24. Bxf6 Nd5 25. Be5 Qb6 26. Bd6 Qxb3 27. Nxb3 Bb7 28. Rxa8 Bxa8 29. Be5 Bc5 30. Nxc5 Re7 31. Kf1 Bb7 32. Nd4 Ba8 33. Rd3 Kf7 34. Rf3+ Ke8 35. Nde6 Rf7 36. Rb3 Nb6 37. a4 Ke7 38. a5 Nd7 39. Rd3 Nxc5 40. Nxc5 Ke8 41. Rb3 Ke7 42. Rb8 Rf8 43. Rxf8 Kxf8 44. Ke2 1-0

[Event "BUL-chT 54th"]
[Site "Plovdiv"]
[Date "2004.11.23"]
[Round "4.3"]
[White "Chatalbashev, Boris"]
[Black "Peev, Peicho Chonev"]
[Result "1-0"]
[WhiteElo "2554"]
[BlackElo "2282"]
[PlyCount "83"]
[EventDate "2004.11.20"]
[EventType "team-swiss"]
[EventRounds "7"]
[EventCountry "BUL"]
[SourceTitle "EXT 2006"]
[Source "ChessBase"]
[SourceDate "2005.11.24"]
[SourceVersion "1"]
[SourceVersionDate "2005.11.24"]
[SourceQuality "1"]
[WhiteTeam "Sofia Lokomotiv"]
[BlackTeam "Razgrad Abritus"]
[WhiteTeamCountry "BUL"]
[BlackTeamCountry "BUL"]

1. d4 Nf6 2. c4 c5 3. d5 b5 4. cxb5 a6 5. bxa6 Bxa6 6. Nc3 d6 7. g3 g6 8. Bg2 Bg7 9. Nf3 0-0 10. 0-0 Nbd7 11. Rb1 Qc7 12. Re1 Rfb8 13. b3 Qa5 14. Bd2 Ne8 15. Qc2 Qa3 16. Qe4 Bf6 17. Ng5 Rb4 18. Qc2 Rb7 19. h4 c4 20. Nge4 Bg7 21. h5 cxb3 22. axb3 Nc5 23. h6 Bd4 24. Nxc5 Qxc5 25. e3 Bh8 26. Rec1 Rc8 27. Qa2 Qa7 28. Ra1 Nc7 29. Nb5 Rxb5 30. Qxa6 Qb8 31. Qa7 Bxa1 32. Qxa1 Ne8 33. b4 Rxc1+ 34. Qxc1 Qc7 35. Qe1 f5 36. e4 fxe4 37. Bh3 Nf6 38. Be6+ Kf8 39. g4 e3 40. Bc3 exf2+ 41. Kxf2 Qd8 42. g5 1-0

[Event "Plovdiv Tringov Memorial"]
[Site "Plovdiv"]
[Date "2004.02.20"]
[Round "7"]
[White "Banov, Boil"]
[Black "Peev, Peicho Chonev"]
[Result "0-1"]
[WhiteElo "2141"]
[BlackElo "2310"]
[PlyCount "89"]
[EventDate "2004.02.16"]
[EventType "swiss"]
[EventRounds "9"]
[EventCountry "BUL"]
[SourceTitle "CBM 098 Extra"]
[Source "ChessBase"]
[SourceDate "2004.03.10"]
[SourceVersion "2"]
[SourceVersionDate "2004.03.10"]
[SourceQuality "1"]

1. c4 g6 2. g3 Bg7 3. Bg2 d6 4. Nc3 e5 5. d3 Nc6 6. Nh3 Nge7 7. 0-0 0-0 8. f4 h6 9. Kh1 Be6 10. Nd5 Qd7 11. Nf2 f5 12. Rb1 Rae8 13. b4 Nd8 14. b5 Nc8 15. a4 c6 16. Nb4 e4 17. Bb2 d5 18. bxc6 bxc6 19. Na6 Bxb2 20. Rxb2 Qg7 21. Qc1 Nd6 22. c5 N6b7 23. Rb4 Bc8 24. dxe4 dxe4 25. Rd1 Ne6 26. e3 Rd8 27. Rb2 Nbxc5 28. Nxc5 Nxc5 29. Rc2 Rxd1+ 30. Qxd1 Qe7 31. Bf1 Rd8 32. Bc4+ Be6 33. Bxe6+ Nxe6 34. Rd2 Rxd2 35. Qxd2 Qd8 36. Qc3 Qd5 37. Qf6 Nf8 38. h4 h5 39. Qc3 Qa2 40. Nh3 Qxa4 41. Ng5 Qd1+ 42. Kg2 Qd5 43. Qf6 a5 44. g4 hxg4 45. Nh7 0-1

[Event "BUL-chT"]
[Site "Plovdiv"]
[Date "2003.11.06"]
[Round "2"]
[White "Arnaudov, Petar G"]
[Black "Peev, Peicho Chonev"]
[Result "0-1"]
[WhiteElo "2129"]
[BlackElo "2320"]
[PlyCount "58"]
[EventDate "2003.11.??"]
[EventType "team"]
[EventRounds "9"]
[EventCountry "BUL"]
[SourceTitle "CBM 097 Extra"]
[Source "ChessBase"]
[SourceDate "2004.01.13"]
[SourceVersion "1"]
[SourceVersionDate "2004.01.13"]
[SourceQuality "1"]

1. e4 c5 2. Nf3 e6 3. b3 Nf6 4. Nc3 Nc6 5. Bb2 d6 6. d4 cxd4 7. Nxd4 Be7 8. Be2 0-0 9. 0-0 a6 10. Kh1 Qc7 11. f4 Bd7 12. Nf3 b5 13. a3 Ng4 14. Qd2 Qb6 15. h3 Nf6 16. e5 Ne8 17. exd6 Nxd6 18. Ne5 Be8 19. Bd3 Rd8 20. Qe2 Nb7 21. Nxc6 Bxc6 22. Qh5 f5 23. Qe2 Nc5 24. Rad1 Rf6 25. b4 Nxd3 26. Rxd3 Rxd3 27. Qxd3 Rg6 28. Rg1 Qf2 29. Nd1 Bxg2+ 0-1

[Event "BUL-chT"]
[Site "Pamporovo"]
[Date "2001.10.08"]
[Round "7"]
[White "Peev, Peicho Chonev"]
[Black "Ivanov, Jordan"]
[Result "1/2-1/2"]
[WhiteElo "2363"]
[BlackElo "2425"]
[PlyCount "69"]
[EventDate "2001.10.03"]
[EventType "team"]
[EventRounds "7"]
[EventCountry "BUL"]
[SourceTitle "CBM 084 Extra"]
[Source "ChessBase"]
[SourceDate "2001.10.26"]
[SourceVersion "1"]
[SourceVersionDate "2001.10.26"]
[SourceQuality "1"]

1. d4 d5 2. Nf3 Nf6 3. c4 dxc4 4. Nc3 c5 5. e3 e6 6. Bxc4 cxd4 7. exd4 Be7 8. 0-0 0-0 9. Qe2 Nc6 10. Rd1 Na5 11. Bd3 b6 12. Bg5 Bb7 13. Rac1 Rc8 14. Ne5 Nd5 15. Bxe7 Qxe7 16. Qh5 f5 17. g3 Rc7 18. Qe2 Rfc8 19. Nxd5 Bxd5 20. Rxc7 Rxc7 21. b3 Qb4 22. Qe3 Qe7 23. Bc4 Nxc4 24. bxc4 Bxc4 25. Nxc4 Rxc4 26. d5 Re4 27. d6 Qd7 28. Qc3 Kf7 29. Rd4 Rxd4 30. Qxd4 Ke8 31. h4 Qf7 32. Qc3 Qd7 33. Qd4 Qf7 34. Qc3 Qd7 35. Qd4 1/2-1/2

[Event "BUL-ch 65th"]
[Site "Tsarevo"]
[Date "2001.05.13"]
[Round "3"]
[White "Peev, Peicho Chonev"]
[Black "Rusev, Krasimir"]
[Result "1/2-1/2"]
[WhiteElo "2367"]
[BlackElo "2235"]
[PlyCount "38"]
[EventDate "2001.05.11"]
[EventType "swiss"]
[EventRounds "9"]
[EventCountry "BUL"]
[SourceTitle "CBM 082 Extra"]
[Source "ChessBase"]
[SourceDate "2001.07.03"]
[SourceVersion "1"]
[SourceVersionDate "2001.07.03"]
[SourceQuality "1"]

1. d4 Nf6 2. c4 c5 3. Nf3 cxd4 4. Nxd4 e5 5. Nb5 d5 6. cxd5 Bc5 7. N5c3 0-0 8. e3 e4 9. Be2 Bf5 10. 0-0 Nbd7 11. Nd2 Re8 12. Nb3 Bd6 13. Nd4 Bg6 14. f4 exf3 15. gxf3 Nxd5 16. Nxd5 Bxh2+ 17. Kxh2 Qh4+ 18. Kg2 Qg5+ 19. Kh2 Qh4+ 1/2-1/2

[Event "BUL-ch 65th"]
[Site "Tsarevo"]
[Date "2001.05.12"]
[Round "2"]
[White "Nikolov, Momchil"]
[Black "Peev, Peicho Chonev"]
[Result "1/2-1/2"]
[WhiteElo "2299"]
[BlackElo "2367"]
[PlyCount "69"]
[EventDate "2001.05.11"]
[EventType "swiss"]
[EventRounds "9"]
[EventCountry "BUL"]
[SourceTitle "CBM 082 Extra"]
[Source "ChessBase"]
[SourceDate "2001.07.03"]
[SourceVersion "1"]
[SourceVersionDate "2001.07.03"]
[SourceQuality "1"]

1. e4 d6 2. d4 Nf6 3. Nc3 g6 4. g3 Bg7 5. Bg2 0-0 6. Nge2 Nbd7 7. 0-0 c5 8. h3 cxd4 9. Nxd4 a6 10. a4 Nc5 11. a5 Bd7 12. Re1 e5 13. Nde2 Bc6 14. Bg5 Rc8 15. Nd5 Bxd5 16. Bxf6 Bxf6 17. Qxd5 Rc6 18. Nc1 Qc7 19. Na2 Ne6 20. Nb4 Rc5 21. Qa2 Bd8 22. Nd5 Qxa5 23. Nf6+ Kg7 24. Nd7 Qxa2 25. Rxa2 Rxc2 26. Nxf8 Kxf8 27. Bf1 Nd4 28. Kg2 Bb6 29. Bd3 Rd2 30. Bc4 Bc5 31. Re3 b5 32. Bf1 Kg7 33. Rd3 Rc2 34. Rc3 Rd2 35. Rd3 1/2-1/2

[Event "BUL-ch 65th"]
[Site "Tsarevo"]
[Date "2001.05.11"]
[Round "1"]
[White "Peev, Peicho Chonev"]
[Black "Iotov, Valentin Dimitrov"]
[Result "1/2-1/2"]
[WhiteElo "2367"]
[BlackElo "2115"]
[PlyCount "120"]
[EventDate "2001.05.11"]
[EventType "swiss"]
[EventRounds "9"]
[EventCountry "BUL"]
[SourceTitle "CBM 082 Extra"]
[Source "ChessBase"]
[SourceDate "2001.07.03"]
[SourceVersion "1"]
[SourceVersionDate "2001.07.03"]
[SourceQuality "1"]

1. c4 Nf6 2. Nc3 d5 3. cxd5 Nxd5 4. g3 g6 5. Bg2 Nb6 6. d4 Bg7 7. Nf3 0-0 8. 0-0 Nc6 9. d5 Na5 10. e4 c6 11. dxc6 Nxc6 12. h3 Be6 13. Bf4 Qxd1 14. Rfxd1 Nc4 15. Bc1 Rfd8 16. Ng5 Bxc3 17. Rxd8+ Rxd8 18. bxc3 Rd1+ 19. Bf1 Nd2 20. Bb2 Rxa1 21. Bxa1 Bxa2 22. Bg2 f6 23. Nf3 Nxe4 24. Nd4 Nxd4 25. Bxe4 Nc6 26. f4 Kf7 27. Kf2 Ke6 28. g4 Bd5 29. Bd3 Kd7 30. Ke3 Na5 31. h4 Kc6 32. f5 Nc4+ 33. Kd4 Ne5 34. c4 Bf3 35. fxg6 hxg6 36. Ke3 Nxd3 37. Kxf3 Nc5 38. Bd4 Nd7 39. h5 gxh5 40. gxh5 a5 41. Ke4 a4 42. Bb2 Nf8 43. Ba3 Kd7 44. Kd5 Ne6 45. Bc1 a3 46. Bxa3 Nf4+ 47. Kc5 Nxh5 48. Kb6 Nf4 49. Kxb7 Ne6 50. c5 Nd8+ 51. Kb6 f5 52. Kb5 f4 53. Kc4 e5 54. Kd3 f3 55. Ke3 e4 56. Bb4 Ne6 57. Be1 Nxc5 58. Bf2 Kc6 59. Kd4 Kd6 60. Be3 Kc6 1/2-1/2

[Event "EU-chT Railways USIC"]
[Site "Dresden"]
[Date "2000.06.23"]
[Round "5.3"]
[White "Peev, Peicho Chonev"]
[Black "Mueller, Klaus Uwe"]
[Result "1-0"]
[WhiteElo "2343"]
[BlackElo "2320"]
[PlyCount "61"]
[EventDate "2000.06.19"]
[EventType "team-swiss"]
[EventRounds "7"]
[EventCountry "GER"]
[SourceTitle "EXT 2002"]
[Source "ChessBase"]
[SourceDate "2001.11.25"]
[SourceVersion "1"]
[SourceVersionDate "2001.11.25"]
[SourceQuality "1"]
[WhiteTeam "Bulgaria USIC"]
[BlackTeam "Germany (USIC)"]
[WhiteTeamCountry "BUL"]
[BlackTeamCountry "GER"]

1. d4 d6 2. c4 f5 3. Nf3 Nf6 4. g3 Nc6 5. Bg2 e5 6. dxe5 dxe5 7. Qxd8+ Kxd8 8. 0-0 Be6 9. b3 Bd6 10. Bb2 Ke7 11. Nc3 Rhd8 12. Na4 b6 13. Rac1 e4 14. Ng5 Be5 15. Ba3+ Bd6 16. c5 bxc5 17. Nxe6 Kxe6 18. Nxc5+ Ke7 19. Rfd1 Ne5 20. f3 Ned7 21. fxe4 Nxe4 22. Bxe4 fxe4 23. Kg2 a5 24. Rd5 a4 25. b4 Nxc5 26. bxc5 Ke6 27. Rd4 Be5 28. Rxe4 Kf5 29. Re3 Rab8 30. Rf1+ Ke6 31. Rf4 1-0

[Event "Lazarevac 28th"]
[Site "Lazarevac"]
[Date "1999.11.08"]
[Round "8"]
[White "Pikula, Dejan"]
[Black "Peev, Peicho Chonev"]
[Result "1-0"]
[WhiteElo "2480"]
[BlackElo "2343"]
[PlyCount "83"]
[EventDate "1999.10.31"]
[EventType "tourn"]
[EventRounds "13"]
[EventCountry "YUG"]
[EventCategory "8"]
[SourceTitle "CBM 073 Extra"]
[Source "ChessBase"]
[SourceDate "2000.01.11"]
[SourceVersion "1"]
[SourceVersionDate "2000.01.11"]
[SourceQuality "1"]

1. e4 d6 2. d4 Nf6 3. Nc3 g6 4. Be3 c6 5. Qd2 b5 6. Bd3 Nbd7 7. Nf3 Nb6 8. h3 Bg7 9. a4 b4 10. Ne2 a5 11. Ng3 h6 12. 0-0 Qc7 13. Rfe1 Nbd7 14. Rad1 e5 15. dxe5 dxe5 16. c3 Bf8 17. Bc4 Ba6 18. Bxa6 Rxa6 19. Qd3 Ra8 20. Qc4 bxc3 21. bxc3 Bg7 22. Nh4 Ng8 23. Rd3 Ne7 24. Red1 Rd8 25. Bc5 Bf6 26. Bxe7 Kxe7 27. Nhf5+ gxf5 28. Nxf5+ Kf8 29. Rd6 Nb8 30. Qc5 Kg8 31. Qe3 Kf8 32. Qc5 Kg8 33. R1d3 Rxd6 34. Rxd6 Nd7 35. Qc4 Nb6 36. Qd3 Bg5 37. h4 Bf4 38. Rxc6 Qd7 39. Qf3 Kh7 40. Qh5 Kg8 41. Qg4+ Bg5 42. Rxb6 1-0

[Event "Lazarevac 28th"]
[Site "Lazarevac"]
[Date "1999.11.01"]
[Round "2"]
[White "Peev, Peicho Chonev"]
[Black "Colovic, Aleksandar"]
[Result "1/2-1/2"]
[WhiteElo "2343"]
[BlackElo "2423"]
[PlyCount "53"]
[EventDate "1999.10.31"]
[EventType "tourn"]
[EventRounds "13"]
[EventCountry "YUG"]
[EventCategory "8"]
[SourceTitle "CBM 073 Extra"]
[Source "ChessBase"]
[SourceDate "2000.01.11"]
[SourceVersion "1"]
[SourceVersionDate "2000.01.11"]
[SourceQuality "1"]

1. d4 Nf6 2. c4 g6 3. Nc3 d5 4. Nf3 Bg7 5. Bg5 Ne4 6. cxd5 Nxg5 7. Nxg5 e6 8. Nf3 exd5 9. e3 a5 10. Be2 0-0 11. 0-0 Re8 12. a3 Bf8 13. Ne5 c6 14. Qd2 Bd6 15. f4 Nd7 16. e4 Nf6 17. exd5 Nxd5 18. Nxd5 cxd5 19. Bf3 Be6 20. Rfe1 Kg7 21. g3 f6 22. Nd3 Qb6 23. Qf2 Bf7 24. Nc5 Rac8 25. Rxe8 Rxe8 26. Na4 Qc6 27. Nc3 1/2-1/2